Top 10 WWE superstars of all time - Statistics

General Stats
  • This quiz has been taken 117 times
  • The average score is 8 of 10
Answer Stats
# Superstar % Correct
3 Hulk Hogan
92%
7 John Cena
91%
1 The Undertaker
90%
2 The Rock
88%
4 Shawn Michaels
86%
6 Triple H
86%
5 "Stone Cold" Steve Austin
85%
10 Randy Orton
81%
8 Ric Flair
61%
9 Bret "Hitman" Hart
49%
No matching quizzes found
Score Distribution
Percent of People with Each Score
Percentile by Number Answered
Your Score History
You have not taken this quiz